Statistics for Car Seat Headrest - Nervous Young Inhumans [FtF] Lyrics

Click here to take the quiz!

General Stats

  • This quiz has been taken 28 times
  • The average score is 262 of 418

Answer Stats

Answer% Correct
A
100%
a
100%
I
100%
You
100%
you
100%
"you"
100%
in
95%
the
91%
was
91%
an
86%
and
86%
And
86%
back
86%
me
86%
My
86%
my
86%
nothing
86%
then
86%
Then
86%
your
86%
above
82%
cursive
82%
every
82%
Every
82%
I'm
82%
inhuman
82%
letter
82%
line
82%
never
82%
Ps
82%
Qs
82%
see
82%
should
82%
understand
82%
beneath
77%
better
77%
Do
77%
do
77%
hand
77%
have
77%
little
77%
now
77%
raised
77%
showed
77%
are
73%
Are
73%
go
73%
it
73%
it?
73%
It
73%
lifted
73%
seen
73%
so
73%
So
73%
stems
73%
their
73%
voice
73%
crossed
68%
on
68%
on?
68%
What
68%
what
68%
what?
68%
get
64%
only
64%
should've
64%
that
64%
this
64%
to
64%
am
59%
been
59%
by
59%
don't
59%
is
59%
Is
59%
Jesus?
59%
real
59%
want
59%
wants
59%
about
55%
Art
55%
art
55%
evil
55%
gets
55%
know
55%
know?
55%
Most
55%
of
55%
really?
55%
really
55%
think
55%
use
55%
Well
55%
word
55%
good
50%
Good
50%
lie
50%
mostly
50%
Sing
50%
singing
50%
time
50%
told
50%
uncanny
50%
valley
50%
year
50%
you're
50%
believe
45%
but
45%
But
45%
can
45%
deserve
45%
deserves
45%
ex
45%
face
45%
invented
45%
it's
45%
It's
45%
jokes
45%
let's
45%
meet
45%
people
45%
person
45%
shit
45%
swore
45%
up
45%
with
45%
you'd
45%
you'll
45%
You'll
45%
girls?
41%
girls
41%
heart
41%
powerful
41%
star
41%
them
41%
thing
41%
you've
41%
You've
41%
All
36%
almost
36%
created
36%
domain
36%
even
36%
Fuck...
36%
Fuck!
36%
going
36%
haven't
36%
Ikea
36%
just
36%
love
36%
myself
36%
nature
36%
own
36%
pain
36%
there
36%
there?
36%
thousand
36%
touch
36%
two
36%
Why
36%
affect
32%
Australia
32%
California?
32%
can't
32%
control
32%
done
32%
February
32%
flashbacks
32%
got
32%
Halloween
32%
has
32%
how
32%
idea
32%
lives
32%
long
32%
month
32%
others
32%
summer
32%
waste
32%
ways
32%
would
32%
Adam
27%
Europe
27%
God
27%
happens
27%
like
27%
Listen
27%
once
27%
those
27%
without
27%
years
27%
August
23%
avoid
23%
dealing
23%
entered
23%
everything
23%
finger
23%
house
23%
July
23%
June
23%
moving
23%
since
23%
tense?
23%
where...
23%
within
23%
anymore
18%
gotta
18%
Isn't
18%
lot!
18%
maybe
18%
start
18%
I've
14%
lights
14%

Score Distribution

Percentile by Number Answered

Percent of People with Each Score

Your Score History

You have not taken this quiz